000 00519nam a2200169Ia 4500
999 _c35354
_d35354
003 OSt
005 20201217130359.0
008 190216s9999||||xx |||||||||||||| ||und||
040 _coclc
082 _a423
_bURD/T
100 _aUrdang, Laurence
_97632
245 4 _aThe Random House Dictionary Of The English Language /
_cLaurence Urdang
260 _bAllied Publishers Limited,
_c1977.
_aBombay:
300 _a1568p
650 _aEnglish Dictionary
942 _cREF
_2ddc
_h423
_iURD/T
_k423
_mURD/T